Statistics for Orlando Magic NBA Awards Winners

Click here to take the quiz!

General Stats

  • This quiz has been taken 40 times
  • The average score is 4 of 9

Answer Stats

Player % Correct
Dwight Howard
100%
Shaquille O'Neal
97%
Tracy McGrady
57%
Ryan Anderson
51%
Hedo Turkoglu
38%
Darrell Armstrong
24%
Mike Miller
22%
Scott Skiles
22%
Doc Rivers
16%

Score Distribution

Percentile by Number Answered

Percent of People with Each Score

Your Score History

You have not taken this quiz